[Event "RUS-chT Premier League 2018"]
[Site "Sochi"]
[Date "2018.05.09"]
[Round "8"]
[White "Motylev, Alexander"]
[Black "Iljin, Artem"]
[Result "1-0"]
[WhiteElo "2660"]
[BlackElo "2528"]
[Annotator "TA"]
[PlyCount "84"]
[EventDate "2018.??.??"]
[EventCountry "RUS"]
[SourceTitle "playchess.com"]
[Source "ChessBase"]
[SourceQuality "1"]

{[%evp 12,84,45,51,62,62,86,87,84,74,93,83,93,89,94,84,79,85,77,79,78,68,85,68,173,86,79,82,78,64,50,33,30,28,85,74,78,81,69,46,43,47,35,45,45,41,47,46,43,51,77,74,91,86,147,147,132,151,141,137,179,97,167,175,166,145,149,160,439,436,460,454,544,544,778]} 1. e4 e5 2. Nf3 Nf6 3. Nxe5 d6 4. Nf3 Nxe4 5. c4 Be7 6. d4 Bg4 7. h3 {LiveBook: 9 Games. C42: Petroff Defence: 3 Nxe5 and unusual White 3rd moves} Bd7 $146 ({Predecessor:} 7... Bh5 8. Bd3 Nf6 9. O-O O-O 10. Nc3 c6 11. Re1 Nbd7 12. Bf4 Re8 13. g4 Bg6 14. Bxg6 hxg6 {1-0 (59) Wei,Y (2728)-Li,Y (2451) Beijing 2017}) 8. Bd3 Nf6 9. Nc3 {White is better.} c6 10. O-O Na6 11. Re1 O-O 12. Qb3 {Strongly threatening Rxe7!} Rb8 13. Bf4 {Threatens to win with c5!} Nc7 14. Qc2 Ne6 15. Bh2 Rc8 16. Qb3 Qa5 17. a3 Qh5 (17... Rfe8 $14) 18. Re3 (18. Qxb7 $18 {has better winning chances.} Rb8 19. Qa6 (19. Qxa7 Ra8 $17)) 18... b6 $16 19. Ne2 Qh6 20. Qa2 {aiming for d5.} Rfe8 21. b4 Bf8 22. Qd2 Ng5 (22... b5 $11 {remains equal.}) 23. Nxg5 Qxg5 24. Bf4 Qh4 25. Rxe8 Rxe8 26. Bg5 Ne4 27. Bxh4 Nxd2 28. Rd1 $36 {[%mdl 2048] White has the initiative.} Ne4 29. f3 Nf6 30. g4 a5 31. bxa5 bxa5 {[#]} 32. Rb1 $1 Re3 (32... Bc8 $142) 33. Rb3 {Black must now prevent Bxh7+!} Re8 34. Kf2 Be7 {[#]} 35. Bg3 $1 Bc8 36. Nc3 (36. Rb6 $18) 36... Nd7 (36... d5 $16) 37. Ne4 $18 d5 38. cxd5 cxd5 39. Nd6 Rd8 $2 (39... a4 $16 {is a better defense.}) 40. Nxc8 {White is clearly winning.} Rxc8 41. Bf5 a4 42. Rb7 Kh8 {Precision: White = 77%, Black = 40%.} 1-0

[Event "RUS-chT Premier League 2018"]
[Site "Sochi"]
[Date "2018.05.09"]
[Round "8"]
[White "Lysyj, Igor"]
[Black "Vdovin, Maxim"]
[Result "1/2-1/2"]
[WhiteElo "2630"]
[BlackElo "2139"]
[Annotator "TA"]
[PlyCount "101"]
[EventDate "2018.??.??"]
[EventCountry "RUS"]
[SourceTitle "playchess.com"]
[Source "ChessBase"]
[SourceQuality "1"]

{[%evp 24,101,50,53,83,79,83,85,93,87,107,98,100,100,114,113,141,141,140,141,148,148,144,141,137,136,126,129,135,130,164,161,173,191,178,178,243,243,369,327,546,543,640,546,539,587,587,583,570,544,543,520,602,600,578,512,1469,1614,1464,1292,2477,2212,3010,2300,5708,2510,12841,12841,12846,12846,12847,12847,12847,12847,12848,12848,12850,12850,29998,29999]} 1. Nf3 Nf6 2. c4 b6 3. g3 Bb7 4. Bg2 e6 5. O-O Be7 6. b3 c5 7. Bb2 O-O 8. e3 d5 9. Nc3 Nc6 10. cxd5 Nxd5 11. Nxd5 exd5 12. d4 Bf6 13. Qd2 {LiveBook: 14 Games. A14: English Opening: 1...e6 with b3 by White} (13. Re1 b5 14. Rb1 Qe7 15. dxc5 Bxb2 16. Rxb2 Qxc5 17. Rd2 Rfd8 18. Nd4 Ne7 19. Rc2 Qb6 20. Qd3 b4 {1-0 (45) Karavade,E (2421)-Beerdsen,T (2404) Hoogeveen 2016}) 13... cxd4 14. Nxd4 Nxd4 15. Bxd4 {White is better.} Bxd4 16. Qxd4 Qg5 17. Rfd1 Rfd8 $146 ({Predecessor:} 17... Rad8 18. Qa4 a6 19. Rd4 b5 20. Qb4 Qe5 {1-0 (38) Jurek,J (2280)-Roth,M Bern 1994}) 18. Rac1 Rac8 19. Rxc8 Rxc8 20. Bxd5 Bxd5 21. Qxd5 Qxd5 22. Rxd5 $16 {[%mdl 4096] Endgame KR-KR} Kf8 23. Rd7 a5 24. Rb7 Rc6 25. Kg2 h5 26. h3 {[%cal Bh2h3,Bh3g4][%mdl 32]} g6 27. a4 Kg7 28. g4 hxg4 29. hxg4 Kf6 (29... g5 $142 30. Kf3 Re6) 30. Kf3 $18 Ke6 (30... Re6 $142 31. g5+ Kxg5) 31. Ke4 Rd6 $2 {[#]} (31... g5 {was called for.} 32. Kd4 f5 33. gxf5+ Kxf5 34. e4+ Kg4) 32. g5 f6 33. gxf6 Kxf6 34. f4 Ke6 35. Rc7 Kf6 36. Rc3 Ke6 37. Kf3 Kd7 38. e4 {[%cal Be3e4,Be4e5][%mdl 32]} Rd4 39. e5 Rb4 (39... Rd1 $142 40. Kg4 Rg1+ 41. Rg3 Rb1) 40. Kg4 Ke7 41. Kg5 Kf7 42. Rc7+ Ke8 43. Rc6 Rxb3 44. Kxg6 b5 45. axb5 Rxb5 46. Kf6 a4 47. Ra6 Rb4 48. f5 Rh4 49. e6 {[%cal Ra6a8] [#]} Rh6+ 50. Ke5 Rh4 51. Ra8+ {[%mdl 32768] Precision: White = 88%, Black = 33%. . An unexpected result.} 1/2-1/2

[Event "RUS-chT Premier League 2018"]
[Site "Sochi"]
[Date "2018.05.09"]
[Round "8"]
[White "Paravyan, David"]
[Black "Alekseev, Evgeny"]
[Result "1/2-1/2"]
[WhiteElo "2620"]
[BlackElo "2622"]
[Annotator "TA"]
[PlyCount "69"]
[EventDate "2018.??.??"]
[EventCountry "RUS"]
[SourceTitle "playchess.com"]
[Source "ChessBase"]
[SourceQuality "1"]

{[%evp 19,69,0,25,0,3,0,0,0,0,0,0,-18,-8,-18,-16,-10,6,10,20,17,14,-27,-40,-54,-50,-38,-37,-31,-48,-31,0,0,0,0,0,0,0,0,0,0,0,0,0,0,0,0,0,0,0,0,0,0]} 1. e4 e5 2. Nf3 Nc6 3. Bb5 a6 4. Ba4 Nf6 5. O-O Be7 6. d3 {[%cal Bd2d3,Bd3d4,Bd4d5][%mdl 32]} d6 7. c3 O-O 8. Nbd2 Re8 9. d4 {C77: Ruy Lopez: 3...a6 4 Ba4 Nf6, unusual lines} (9. Re1 Bf8 10. Nf1 b5 11. Bc2 Nb8 12. a4 Bb7 13. Ng3 g6 14. d4 Nbd7 15. Bg5 h6 16. Bd2 c5 {1-0 (54) Sjugirov,S (2650)-Amin,B (2689) Riadh 2017}) 9... b5 10. Bc2 Bf8 {LiveBook: 7 Games} 11. a4 {[#] axb5 is the strong threat.White has an edge.} Bb7 12. d5 $146 ({Predecessor:} 12. Re1 Qd7 13. d5 Ne7 14. b3 c6 15. c4 Ng6 16. Nf1 cxd5 17. cxd5 {½-½ (86) Alaverdyan,G (2255)-Mikaelyan,A (2503) Tsaghkadzor 2017}) 12... Ne7 13. b3 c6 14. c4 Qc7 15. Bb2 Ng6 16. g3 bxc4 17. bxc4 a5 18. Bd3 Reb8 {[%cal Rc6d5]} 19. Rc1 Ba6 20. Bc3 (20. Ba3 {keeps more tension.} Qd7 21. Re1 Rc8 22. h4 Rab8 23. Qc2) 20... cxd5 21. exd5 Nxd5 22. Bxg6 {And now Be4 would win.} Nxc3 {[#]} 23. Bxh7+ $1 {[%mdl 512]} Kxh7 24. Rxc3 {Threatens to win with Ng5+.} Kg8 25. Ng5 {Qh5 would kill now.The position is equal.} f6 26. Nde4 {Threatening mate with Qd5+.} Bb7 ({Of course not} 26... Bxc4 $6 27. Qg4 $16) 27. Qh5 {[%csl Gg5][%cal Rh5h7]} fxg5 28. Nxg5 {[%csl Gg5][%cal Rh5h7]} g6 $1 {[%cal Rg6h5]} 29. Qxg6+ Qg7 30. Qe6+ Kh8 31. Qh3+ Kg8 32. Qe6+ Kh8 33. Qh3+ Kg8 34. Qe6+ Kh8 35. Qh3+ {Precision: White = 77%, Black = 63%.} 1/2-1/2

[Event "RUS-chT Premier League 2018"]
[Site "Sochi"]
[Date "2018.05.09"]
[Round "8"]
[White "Romanov, Evgeny"]
[Black "Potkin, Vladimir"]
[Result "1/2-1/2"]
[WhiteElo "2619"]
[BlackElo "2574"]
[Annotator "TA"]
[PlyCount "71"]
[EventDate "2018.??.??"]
[EventCountry "RUS"]
[SourceTitle "playchess.com"]
[Source "ChessBase"]
[SourceQuality "1"]

{[%evp 13,71,10,19,7,19,16,35,35,29,0,28,30,34,36,54,31,40,44,76,73,68,67,70,70,72,70,56,68,72,51,79,35,76,79,64,79,84,63,60,-108,-109,-122,-110,-103,-125,-131,-18,-37,-17,-15,-43,-40,0,0,0,-39,0,0,0,-37]} 1. Nf3 d5 2. b3 Bf5 3. Bb2 e6 4. d3 (4. g3 Nf6 5. Nh4 Be4 6. f3 Bg6 7. Bg2 c5 8. Nxg6 hxg6 9. e4 Nc6 10. e5 Nd7 11. f4 g5 {1-0 (44) Grischuk,A (2772)-Ding,L (2777) Huaian 2017}) 4... h6 5. Nbd2 Nf6 6. g3 {A06: Réti Opening:1 Nf3 d5} Be7 7. Bg2 O-O {LiveBook: 40 Games} 8. Ne5 Nbd7 9. e4 {Hoping for Nxd7.} dxe4 $146 ({Predecessor:} 9... Bh7 10. Nxd7 Qxd7 11. e5 Ne8 12. O-O c5 13. f4 Nc7 {1-0 (59) Nemeth,Z (2308)-Kis,B (2215) Hungary 2001}) 10. dxe4 {Strongly threatening Nxd7.} Bh7 $1 11. Nxd7 Nxd7 12. Qe2 Bc5 13. O-O Qe7 14. e5 c6 15. Be4 Rfd8 16. Bxh7+ Kxh7 17. Ne4 Nf8 18. Rad1 Kg8 19. h4 Ba3 20. Bd4 Qc7 21. Nd6 Rd7 22. Rd3 Rad8 23. Qg4 ({Weaker is} 23. Bxa7 b6 $17) 23... f6 24. exf6 Rxd6 25. fxg7 Nd7 $1 26. Re1 $2 {[#]} (26. Qh5 $14 {keeps the upper hand.} e5 27. Rf3) 26... e5 $1 $17 {[%cal Re5d4]} 27. Bc3 {Qc4+ is the strong threat.} Nf6 28. Qf5 Rxd3 ({But not} 28... Qxg7 $6 29. Rxe5 Qg4 30. Rxd6 $11) 29. cxd3 {[#]} Nd5 ({Don't play} 29... Qxg7 $6 30. Rxe5 Rf8 31. Ra5 $11) ({Black should play} 29... Qf7 $1 $17 {aiming for ...Nd7.} 30. Bxe5 Nd7 31. Qxf7+ Kxf7) 30. Qe6+ $1 $11 Qf7 31. Qxh6 {[%csl Gg7][%cal Rh6h8]} Qxg7 32. Qe6+ Qf7 (32... Kh7 $5 {[%cal Rd5c3]} 33. Rxe5 Qg6 34. Qxg6+ Kxg6 35. Rg5+ Kf7 36. Rg7+ Kf8 $15) 33. Qg4+ Qg7 $1 {[%cal Rg7g4]} 34. Qe6+ Qf7 (34... Kh7 $5 {[%cal Rd5c3]} 35. Rxe5 Qg6 36. Qxg6+ Kxg6 37. Rg5+ Kf7 38. Rg7+ Kf8 $15) 35. Qg4+ Qg7 $1 {[%cal Rg7g4]} 36. Qe6+ {Precision: White = 66%, Black = 64%.} 1/2-1/2

[Event "RUS-chT Premier League 2018"]
[Site "Sochi"]
[Date "2018.05.09"]
[Round "8"]
[White "Popov, Ivan"]
[Black "Faizrakhmanov, Ramil"]
[Result "1-0"]
[WhiteElo "2610"]
[BlackElo "2419"]
[Annotator "TA"]
[PlyCount "131"]
[EventDate "2018.??.??"]
[EventCountry "RUS"]
[SourceTitle "playchess.com"]
[Source "ChessBase"]
[SourceQuality "1"]

{[%evp 27,131,0,0,0,10,0,8,11,19,19,16,10,15,9,14,2,2,0,10,0,0,0,0,0,0,0,0,0,0,0,0,0,0,0,15,15,14,8,63,52,64,49,122,5,0,4,33,29,29,28,52,52,110,97,95,115,77,78,91,52,93,90,77,23,30,23,23,14,32,20,42,42,42,43,43,43,43,43,52,42,47,0,42,48,41,3,70,71,71,71,217,217,227,225,224,217,220,217,203,170,376,374,377,368,796,796]} 1. e4 e5 2. Nf3 Nc6 3. Bc4 Bc5 4. c3 Nf6 5. d4 exd4 6. e5 d5 7. Bb5 Ne4 8. cxd4 Bb6 9. Nc3 O-O 10. Be3 {C54: Giuoco Piano: 4 c3 Nf6, main lines with 5 d4 and 5 d3} Bg4 11. h3 Bh5 {[%cal Bg4h5,Bh5g6,Bg6d3][%mdl 32]} 12. Qc2 Bg6 13. Qb3 Ne7 14. O-O c6 {LiveBook: 10 Games} 15. Bd3 Nd2 16. Nxd2 Bxd3 17. Rfe1 Bg6 {[#]} 18. Na4 $146 Nf5 19. Nf3 Nxe3 20. Rxe3 Be4 21. Nxb6 axb6 22. Nd2 Bg6 23. Qb4 b5 24. a4 Qa5 25. Qxa5 Rxa5 26. Rea3 $1 Bc2 {[%cal Ra5a4]} 27. axb5 Rxb5 28. R1a2 f6 29. Rc3 Bg6 30. Rb3 fxe5 {And now ...Rxb3 would win.} 31. Rxb5 cxb5 32. dxe5 $11 {[%mdl 4096] Endgame KRB-KRN} Rc8 (32... d4 $11) 33. Nf3 Rc4 34. b3 Rb4 (34... Rc1+ $14 35. Kh2 Kf7) 35. Rd2 ({White should try} 35. Ra8+ $16 Kf7 36. Ng5+ Ke7 37. Rg8) 35... Rxb3 36. Rxd5 Kf8 37. Rd8+ Be8 $1 38. Rb8 {Strongly threatening Nd4.} Rd3 39. Ng5 h6 (39... Rd7 $1 $14) 40. Ne4 $16 Ke7 41. Rxb7+ Rd7 42. Rb6 Rd4 43. Nc5 {Rb7+ is the strong threat.} Rd5 44. Rb7+ Kd8 45. Na6 (45. Ne6+ $16 Kc8 46. Rc7+ (46. Rxg7 Rxe5 47. Nc7 b4 $14) 46... Kb8 47. Rxg7 Rxe5 48. Nc7) 45... Rxe5 46. Rxg7 Re6 47. Nb4 Re4 48. Nd3 Bc6 49. f3 Rd4 $1 {[%cal Rd4d3]} 50. Ne5 Bd5 51. Kf2 b4 $1 52. Ke3 Rd1 53. Ke2 Rd4 54. Ke3 Rd1 55. Nd3 b3 $1 56. Rh7 Re1+ (56... Bc4 $11 57. Nb2 Re1+ 58. Kf4 Bf1) 57. Kd4 $1 $14 {[%cal Rd4d5]} (57. Nxe1 $2 {too greedy.} b2 $19) 57... Rd1 {[#] Threatens to win with ...b2.} 58. Kc3 ({Don't play} 58. Kxd5 $6 b2 $11) 58... b2 (58... Rg1 $16) 59. Nxb2 $18 Rg1 60. Rxh6 {Hoping for Rd6+.} Ke7 61. Rh5 Be6 62. Rh7+ Kf8 63. Rh6 Bd7 $2 {[#]} (63... Bf7 {is a better defense.} 64. g4 Rg3) 64. Rd6 Bb5 65. Rd2 Bf1 $2 (65... Ra1 66. Nd3 Kf7) 66. Rd1 {Precision: White = 76%, Black = 39%.} 1-0

[Event "RUS-chT Premier League 2018"]
[Site "Sochi"]
[Date "2018.05.09"]
[Round "8"]
[White "Ponkratov, Pavel"]
[Black "Sarana, Alexey"]
[Result "1/2-1/2"]
[WhiteElo "2601"]
[BlackElo "2587"]
[Annotator "TA"]
[PlyCount "136"]
[EventDate "2018.??.??"]
[EventCountry "RUS"]
[SourceTitle "playchess.com"]
[Source "ChessBase"]
[SourceQuality "1"]

{[%evp 15,136,8,19,16,5,0,7,0,14,7,13,8,35,26,31,2,66,61,67,72,72,72,72,72,72,69,72,72,72,72,72,68,72,66,70,47,78,81,83,79,83,73,82,47,47,54,54,62,77,76,77,77,77,77,77,73,122,73,73,57,65,69,66,65,75,69,74,71,73,70,73,73,73,73,70,21,79,20,20,20,20,8,93,93,93,35,52,0,93,52,93,82,82,82,82,82,82,0,0,0,0,0,0,0,0,0,0,0,0,0,0,0,0,0,0,0,0,0,0,0,0,0,0]} 1. e4 c5 2. Nf3 d6 3. d4 cxd4 4. Nxd4 Nf6 5. Nc3 a6 6. g3 e5 7. Nf3 {B91: Sicilian Najdorf: 6 g3} Be7 8. Bg2 O-O {LiveBook: 10 Games} 9. a4 $146 ({Predecessor:} 9. Nh4 b5 10. Nf5 Be6 11. Bg5 Nbd7 12. O-O h6 13. Be3 b4 14. Na4 Bxf5 15. exf5 {0-1 (118) Naiditsch,A (2687)-Wojtaszek,R (2749) Tallinn 2016}) 9... Nc6 10. O-O Be6 11. Nh4 Nb4 12. Nf5 Bxf5 13. exf5 d5 14. Bg5 e4 15. a5 (15. Qd2 {is interesting.} Rc8 16. Rad1 Rc4 17. Bxf6 Bxf6 18. Nxd5 Qxd5 19. Qxd5 Nxd5 20. Rxd5 Bxb2 21. Rb1) 15... Qc8 ({Better is} 15... Rc8 $11) 16. Bxf6 $1 $14 Bxf6 17. Nxd5 Nxd5 18. Qxd5 Qxc2 19. Bxe4 Qxb2 20. Ra2 Rad8 21. Rxb2 Rxd5 22. Bxd5 Bxb2 $16 {[%mdl 4096] Endgame KRB-KRB} 23. Rb1 Bc3 24. Rxb7 Bxa5 25. g4 Bd8 26. f4 h6 27. Kg2 Bf6 28. Bb3 a5 29. Ra7 a4 30. Rxa4 (30. Bc4 {is more complex.} Rc8 31. Rxa4 Kf8 32. Kf3 Bd8 33. h3) 30... Rb8 31. Bc4 Rc8 32. Kg3 Kf8 33. h4 Bc3 34. g5 h5 35. Kf2 Ke7 36. Be2 Rc5 37. Bd3 Ba5 38. Ke3 Kd6 39. Ke4 Be1 40. Ra8 Ra5 41. Rg8 Ra4+ {[#]} 42. Kf3 $1 Bc3 43. Rd8+ Ke7 44. Rc8 Bd2 45. Bc4 Kd6 (45... Rb4 $11) 46. Rd8+ ({White should play} 46. Bxf7 $16 Rxf4+ 47. Ke2) 46... Ke7 $11 47. Rxd2 Rxc4 {KR-KR} 48. Ra2 {Black must now prevent Ra7+.} Rc8 (48... Rb4 $11) 49. Ra7+ $16 Kf8 50. Ke4 (50. g6 $16 f6 51. Rf7+ Kg8 52. Ke4) 50... Rb8 51. Ke5 (51. Rd7 $14) 51... Rd8 (51... Rb5+ $1 $11 {remains equal.} 52. Ke4 Rb4+ 53. Ke5 f6+ 54. gxf6 Rb5+ 55. Ke4 gxf6) 52. Ra6 Kg8 53. f6 Re8+ 54. Kd5 Rd8+ {[#]} 55. Rd6 $1 {[%cal Rd6d8]} Ra8 56. f5 (56. fxg7 $16 Kxg7 57. Rc6) 56... gxf6 $11 {The position is equal.} 57. gxf6 Ra5+ 58. Ke4 {Strongly threatening Kf4.} Kh7 59. Rd7 Ra4+ 60. Rd4 Ra6 61. Ke5 Ra5+ 62. Kf4 {Threatens to win with Kg5.} Kh6 63. Rd7 Rb5 64. Rd8 {[%cal Rd8h8]} Rb4+ 65. Kg3 {[%cal Rd8h8]} Rg4+ 66. Kh3 {[%cal Rd8h8]} Kh7 67. Rf8 Rf4 68. Rxf7+ Kh6 {Precision: White = 45%, Black = 59%.} 1/2-1/2

[Event "RUS-chT Premier League 2018"]
[Site "Sochi"]
[Date "2018.05.09"]
[Round "8"]
[White "Antipov, Mikhail Al."]
[Black "Usmanov, Vasily"]
[Result "1-0"]
[WhiteElo "2597"]
[BlackElo "2472"]
[Annotator "TA"]
[PlyCount "79"]
[EventDate "2018.??.??"]
[EventCountry "RUS"]
[SourceTitle "playchess.com"]
[Source "ChessBase"]
[SourceQuality "1"]

{[%evp 18,79,42,17,73,112,162,161,172,163,175,178,178,171,160,158,171,167,178,176,194,195,193,188,200,197,222,206,206,206,203,186,192,186,177,176,180,181,183,172,183,177,202,169,235,169,243,229,227,224,281,277,480,441,29972,29974,29973,29975,29975,29976,29976,29977,29977,29978]} 1. e4 c6 2. d4 d5 3. e5 c5 4. dxc5 Nc6 5. Nf3 Bg4 6. c3 {B12: Caro-Kann: Advance Variation} e6 7. Be3 (7. b4 a6 8. Nbd2 Nxe5 9. Qa4+ Nd7 10. Ne5 Ngf6 11. c4 a5 12. Nb3 axb4 13. Qb5 Be7 {0-1 (53) Topalov,V (2760)-Nakamura,H (2779) London 2016}) 7... Bxf3 8. Qxf3 Nxe5 9. Bb5+ Nc6 10. c4 {LiveBook: 5 Games. And now Nc3 would win.} Nf6 (10... a6 $11 {remains equal.} 11. Ba4 Qf6) 11. Nc3 $16 Rc8 $146 ({Predecessor:} 11... Be7 12. cxd5 Nxd5 13. O-O O-O {½-½ (40) Warakomski,T (2537)-Dudzinski,P (2241) Katowice 2017}) 12. cxd5 Nxd5 13. Nxd5 Qxd5 14. Qxd5 exd5 {[#]} 15. O-O-O $1 Rd8 16. Rd2 Ke7 17. Rhd1 Ke6 18. Bc4 {[%cal Rc4d5]} dxc4 19. Rxd8 Nxd8 20. Rxd8 $18 {[%mdl 4096] Endgame KRB-KRB} g6 21. Rb8 Kd5 22. Rxb7 Bxc5 23. Bxc5 ({Resist} 23. Rxf7 Bb6) 23... Kxc5 24. Rxf7 {KR-KR} a5 25. Kd2 a4 26. Kc3 a3 27. Rc7+ Kd5 28. Rxc4 {aiming for b4.} axb2 29. Rb4 Re8 30. Rxb2 Kc5 (30... Ra8 $142 31. f3 Kc5) 31. Kd3 Re1 (31... Ra8 {was called for.} 32. f3 Kd5) 32. Re2 Rh1 33. h3 Kd5 34. Ke3 g5 $2 {[#]} (34... Rg1 35. Rd2+ Ke6) 35. f4 Ke6 (35... Rf1 $18 36. fxg5 Rf7 37. Rd2+ Kc4 38. Rd4+ Kc5) 36. Kf2+ {White mates.} Kf5 37. Re1 Rxe1 38. Kxe1 Kxf4 39. Ke2 Ke4 40. a4 {Precision: White = 79%, Black = 46%.} 1-0

[Event "RUS-chT Premier League 2018"]
[Site "Sochi"]
[Date "2018.05.09"]
[Round "8"]
[White "Bocharov, Dmitry"]
[Black "Vitiugov, Nikita"]
[Result "1/2-1/2"]
[WhiteElo "2594"]
[BlackElo "2740"]
[Annotator "TA"]
[PlyCount "132"]
[EventDate "2018.??.??"]
[EventCountry "RUS"]
[SourceTitle "playchess.com"]
[Source "ChessBase"]
[SourceQuality "1"]

{[%evp 25,132,8,17,0,0,0,0,0,8,8,31,16,38,44,89,91,137,130,176,175,177,177,185,184,179,161,170,97,97,92,104,112,112,57,57,57,64,64,71,64,64,64,64,64,64,57,64,64,73,64,64,62,73,64,86,67,86,61,63,57,61,57,57,57,57,54,57,54,58,54,54,54,58,57,57,57,54,21,21,19,22,0,20,0,57,54,54,54,54,51,60,45,46,48,45,51,60,42,60,39,77,0,150,0,150,150,150,150,150]} 1. Nf3 d5 2. e3 Nf6 3. c4 c6 4. Nc3 Nbd7 5. d4 e6 6. Qc2 Bd6 7. Be2 O-O 8. O-O dxc4 9. Bxc4 b5 10. Be2 Bb7 11. Rd1 Qc7 12. Bd2 a5 {D46: Semi-Slav: 5 e3 Nbd7 6 Bd3, Black avoids the Meran} 13. Rac1 Rac8 {LiveBook: 3 Games} 14. Ne4 Nxe4 {The position is equal.} 15. Qxe4 c5 16. Qh4 {[#]} Bxf3 $146 ({Predecessor:} 16... b4 17. e4 Rfe8 18. Bb5 Be7 19. Qf4 Qxf4 20. Bxf4 {½-½ (35) Gelfand,B (2739)-Topalov,V (2770) Wijk aan Zee 2012}) 17. Bxf3 b4 18. dxc5 $40 {[%mdl 128] White mounts an attack.} Nxc5 19. a3 Qd8 20. Qxd8 Rcxd8 21. axb4 Nd3 22. bxa5 Nxc1 23. Rxc1 ({Inferior is} 23. Bxc1 Bb4 $17) 23... Bxh2+ 24. Kxh2 Rxd2 $18 {[%mdl 4096] Endgame KRR-KRB} 25. b4 Rxf2 {and if ...Ra2 works, Black does fine.} 26. a6 ({White should play} 26. b5 $18) 26... Rb2 $16 27. Rc4 {[%mdl 1024] White has strong compensation.} Ra2 28. b5 Ra5 29. Rb4 ({Better is} 29. Rc5 $16) 29... Rb8 $14 30. Bb7 Kf8 31. b6 Ke7 32. Rc4 {Rc7+ is the strong threat.} Rxa6 33. Bxa6 Rxb6 {KRB-KR} 34. Rc7+ Kf6 35. Bc4 Rb1 36. Bd3 Rb8 37. Kg3 g6 38. Kf4 Rd8 39. Bc4 Rd2 40. Bb5 {And now Be8 would win.} Rd8 41. e4 g5+ 42. Ke3 h5 43. e5+ Kxe5 44. Rxf7 Rb8 45. Be2 Rb3+ 46. Kf2 h4 47. Ra7 Rb4 48. Ra8 Kf4 49. Re8 Ke5 50. Rh8 Rb2 51. Rh6 Kf5 52. Ke3 Rb3+ 53. Kf2 Rb2 54. Rh8 Kf4 (54... Ke5 $11) 55. Rf8+ Ke5 56. Ra8 Rb4 57. Kg1 Rb2 58. Bg4 Rb4 59. Ra5+ Kf6 60. Be2 Rb2 61. Bc4 g4 62. Rh5 g3 {[#]} 63. Rxh4 (63. Rh6+ $1 $16 Kg5 64. Rxe6) 63... Rb1+ $11 64. Bf1 {Black must now prevent Rg4.} Kg5 {[#]} ({Black should try} 64... Kf5 $11) 65. Re4 $1 $16 Ra1 66. Rxe6 Kh4 {Precision: White = 68%, Black = 61%.} 1/2-1/2

[Event "RUS-chT Premier League 2018"]
[Site "Sochi"]
[Date "2018.05.09"]
[Round "8"]
[White "Esipenko, Andrey"]
[Black "Bezgodov, Alexei"]
[Result "1-0"]
[WhiteElo "2587"]
[BlackElo "2460"]
[Annotator "TA"]
[PlyCount "77"]
[EventDate "2018.??.??"]
[EventCountry "RUS"]
[SourceTitle "playchess.com"]
[Source "ChessBase"]
[SourceQuality "1"]

{[%evp 20,77,36,43,78,80,78,73,87,71,140,133,234,233,212,220,223,227,228,150,153,156,153,161,200,205,305,292,327,314,275,258,266,263,263,262,268,271,266,264,306,287,366,277,261,268,275,268,263,270,264,229,229,229,429,422,489,457,1052,969]} 1. d4 d5 2. c4 e6 3. Nc3 c5 4. cxd5 exd5 5. Nf3 Nc6 6. dxc5 d4 7. Na4 Bxc5 {D32: Tarrasch Defence: Sidelines and lines without g3} 8. Nxc5 Qa5+ 9. Qd2 (9. Bd2 Qxc5 10. e3 dxe3 11. Bxe3 Qb4+ 12. Qd2 Qxd2+ 13. Bxd2 Nge7 14. O-O-O Be6 15. b3 {½-½ (24) Anand,V (2792)-Sadler,M (2653) London 2014}) 9... Qxc5 10. a3 Nge7 11. b4 {LiveBook: 4 Games} Qd5 {[#]} 12. Bb2 $1 Nf5 13. g3 $146 {[%cal Bg2g3,Bg3g4][%mdl 32]} ({Predecessor:} 13. e3 O-O 14. exd4 Nd6 15. Be2 {½-½ (79) Mirzoev,E (2403)-Golubka,P (2469) Omelnyk 2017}) 13... a5 {[#]} 14. Bg2 $1 axb4 ({Black should try} 14... O-O) 15. O-O $16 {Hoping for e4.} Qb3 (15... O-O $16 {was necessary.}) 16. g4 $18 (16. Nxd4 $6 Nfxd4 17. Bxd4 O-O) (16. Bxd4 $6 O-O $16) 16... Nfe7 {[%cal Rb4a3]} 17. Nxd4 ({Worse is} 17. Bxd4 bxa3 18. Bc5 (18. Bxg7 Rg8 $15) 18... Ra4 $11) 17... Nxd4 18. Qxd4 {Strongly threatening Rfd1.} ({Don't take} 18. Bxd4 $6 O-O) 18... f6 {[%cal Rb4a3]} 19. Qxb4 Qxb4 20. axb4 Rxa1 21. Rxa1 Bxg4 22. Ra8+ Nc8 (22... Bc8 $142 23. Bxb7 Kf7) 23. Bxb7 Kd7 24. f3 Kc7 25. Be4 ({Less strong is} 25. fxg4 Kxb7 26. Ra5 Nd6 $16) 25... Bd7 26. Bc1 Re8 27. Bf4+ Kd8 28. Kf2 h6 29. Ra1 Ke7 30. Be3 Bb5 31. Rd1 Kf7 32. Bd5+ Kg6 33. Rg1+ Kh7 34. Be4+ Kh8 35. Bg6 Rd8 36. Bc5 Rd2 $2 (36... Nd6 {was worth a try.} 37. Ra1 Nc4) 37. Kg3 {White is clearly winning.} Kg8 38. Ra1 Rxe2 (38... Rd5 $142 39. h4 Bd7) 39. Rd1 {Precision: White = 93%, Black = 47%.} 1-0